5°×5°经纬度方格内人口最多的5个县级行政区(点位地图版) - Statistics

General Stats
  • This quiz has been taken 17 times
  • The average score is 107 of 245
Answers on the Map
Answers color-coded by a green-red scale on the quiz's map according to % correct below.
 
Answer Stats
经纬度 省级行政区 人口 县级行政区 % Correct
30°N 105°E 重庆市 2191493 渝北区
79%
30°N 110°E 重庆市 1564449 万州区
79%
20°N 100°E 云南省 642737 景洪市
71%
15°N 110°E 海南省 无数据 西沙区
71%
35°N 110°E 陕西省 1751296 长安区
71%
10°N 115°E 海南省 无数据 南沙区
71%
40°N 115°E 北京市 3452460 朝阳区
71%
40°N 115°E 北京市 3133469 海淀区
71%
30°N 120°E 上海市 5681512 浦东新区
71%
30°N 120°E 上海市 2653489 闵行区
71%
40°N 120°E 天津市 1973752 滨海新区
71%
45°N 125°E 吉林省 1074628 朝阳区
71%
30°N 100°E 四川省 955041 西昌市
64%
30°N 105°E 四川省 1855186 武侯区
64%
25°N 115°E 广东省 4476554 宝安区
64%
30°N 115°E 安徽省 1874930 蜀山区
64%
40°N 115°E 北京市 1993591 大兴区
64%
50°N 115°E 内蒙古自治区 150508 满洲里市
64%
30°N 120°E 江苏省 2092496 昆山市
64%
35°N 120°E 山东省 1903595 黄岛区
64%
50°N 120°E 内蒙古自治区 256396 牙克石市
64%
50°N 125°E 内蒙古自治区 318933 扎兰屯市
64%
55°N 125°E 黑龙江省 54036 漠河市
64%
40°N 75°E 新疆维吾尔自治区 860800 莎车县
57%
40°N 75°E 新疆维吾尔自治区 782662 喀什市
57%
40°N 80°E 新疆维吾尔自治区 715319 阿克苏市
57%
40°N 85°E 新疆维吾尔自治区 530328 库车市
57%
45°N 85°E 新疆维吾尔自治区 498587 石河子市
57%
50°N 90°E 新疆维吾尔自治区 221454 阿勒泰市
57%
35°N 95°E 青海省 141308 玉树市
57%
40°N 95°E 甘肃省 185231 敦煌市
57%
40°N 95°E 甘肃省 137736 玉门市
57%
20°N 100°E 云南省 353720 勐海县
57%
20°N 100°E 云南省 304950 勐腊县
57%
25°N 100°E 云南省 771128 大理市
57%
25°N 100°E 云南省 631530 楚雄市
57%
30°N 100°E 云南省 186412 香格里拉市
57%
30°N 100°E 四川省 126785 康定市
57%
30°N 105°E 四川省 1672025 郫都区
57%
30°N 105°E 四川省 1558466 新都区
57%
20°N 110°E 广东省 1503737 电白区
57%
20°N 110°E 广东省 1328657 高州市
57%
20°N 110°E 广东省 1321091 雷州市
57%
35°N 110°E 河南省 1247807 邓州市
57%
45°N 110°E 内蒙古自治区 75794 二连浩特市
57%
25°N 115°E 广东省 3979037 龙岗区
57%
25°N 115°E 广东省 3742991 白云区
57%
25°N 115°E 广东省 3667247 南海区
57%
25°N 115°E 广东省 3229090 顺德区
57%
30°N 115°E 江西省 1452502 南昌县
57%
30°N 115°E 湖南省 1429384 浏阳市
57%
35°N 115°E 山东省 1640000 历城区
57%
40°N 115°E 北京市 2269487 昌平区
57%
45°N 115°E 内蒙古自治区 349953 锡林浩特市
57%
25°N 120°E 福建省 2061551 晋江市
57%
25°N 120°E 福建省 1390487 福清市
57%
30°N 120°E 上海市 2235218 宝山区
57%
30°N 120°E 江苏省 2058010 姑苏区
57%
50°N 120°E 内蒙古自治区 84424 扎赉诺尔区
57%
50°N 120°E 内蒙古自治区 71437 根河市
57%
45°N 130°E 吉林省 686136 延吉市
57%
50°N 135°E 黑龙江省 176112 同江市
57%
50°N 135°E 黑龙江省 97329 抚远市
57%
30°N 80°E 西藏自治区 31052 噶尔县
50%
35°N 80°E 新疆维吾尔自治区 501028 和田市
50%
35°N 80°E 新疆维吾尔自治区 342603 和田县
50%
40°N 80°E 新疆维吾尔自治区 328241 阿拉尔市
50%
45°N 80°E 新疆维吾尔自治区 778047 伊宁市
50%
45°N 80°E 新疆维吾尔自治区 365307 伊宁县
50%
45°N 80°E 新疆维吾尔自治区 246706 博乐市
50%
30°N 85°E 西藏自治区 33006 尼玛县
50%
40°N 85°E 新疆维吾尔自治区 779352 库尔勒市
50%
45°N 85°E 新疆维吾尔自治区 607441 昌吉市
50%
45°N 85°E 新疆维吾尔自治区 337188 克拉玛依区
50%
30°N 90°E 西藏自治区 478275 城关区
50%
45°N 90°E 新疆维吾尔自治区 652792 天山区
50%
35°N 95°E 青海省 221863 格尔木市
50%
35°N 95°E 青海省 88227 德令哈市
50%
40°N 95°E 甘肃省 15093 肃北蒙古族自治县
50%
45°N 95°E 新疆维吾尔自治区 569388 伊州区
50%
45°N 95°E 新疆维吾尔自治区 151100 新星市
50%
25°N 100°E 云南省 642481 腾冲市
50%
35°N 100°E 青海省 489372 城东区
50%
35°N 100°E 青海省 417701 城北区
50%
30°N 105°E 四川省 2659829 双流区
50%
35°N 105°E 甘肃省 1484016 城关区
50%
30°N 110°E 重庆市 1203306 开州区
50%
30°N 110°E 四川省 945191 达川区
50%
40°N 110°E 陕西省 967639 榆阳区
50%
20°N 115°E 广东省 1384317 香洲区
50%
20°N 115°E 广东省 608899 斗门区
50%
35°N 115°E 河南省 2145588 金水区
50%
40°N 115°E 北京市 2019764 丰台区
50%
50°N 115°E 内蒙古自治区 38358 新巴尔虎右旗
50%
25°N 120°E 福建省 1073315 思明区
50%
35°N 120°E 江苏省 1462563 邳州市
50%
45°N 120°E 内蒙古自治区 921808 科尔沁区
50%
40°N 125°E 辽宁省 1335935 铁西区
50%
45°N 125°E 黑龙江省 1390679 南岗区
50%
45°N 125°E 黑龙江省 1097430 道里区
50%
45°N 125°E 吉林省 1066422 南关区
50%
50°N 125°E 黑龙江省 436906 讷河市
50%
50°N 125°E 黑龙江省 355528 嫩江市
50%
40°N 130°E 吉林省 58266 长白朝鲜族自治县
50%
45°N 130°E 黑龙江省 463358 尚志市
50%
50°N 130°E 黑龙江省 173320 伊美区
50%
35°N 80°E 新疆维吾尔自治区 257038 于田县
43%
45°N 85°E 新疆维吾尔自治区 301046 沙湾市
43%
35°N 90°E 西藏自治区 10881 双湖县
43%
40°N 90°E 新疆维吾尔自治区 43045 若羌县
43%
40°N 90°E 青海省 18856 茫崖市
43%
45°N 90°E 新疆维吾尔自治区 1011440 新市区
43%
45°N 90°E 新疆维吾尔自治区 512870 米东区
43%
40°N 95°E 甘肃省 129299 瓜州县
43%
45°N 95°E 新疆维吾尔自治区 38464 伊吾县
43%
25°N 100°E 云南省 483753 安宁市
43%
35°N 100°E 青海省 395043 湟中区
43%
40°N 100°E 甘肃省 519096 甘州区
43%
40°N 100°E 甘肃省 455611 肃州区
43%
40°N 100°E 甘肃省 260385 金川区
43%
40°N 100°E 甘肃省 177641 永昌县
43%
20°N 105°E 广西壮族自治区 129843 凭祥市
43%
25°N 105°E 云南省 1602279 官渡区
43%
35°N 105°E 甘肃省 712271 七里河区
43%
35°N 105°E 甘肃省 656689 秦州区
43%
35°N 105°E 陕西省 618204 汉台区
43%
40°N 105°E 甘肃省 885277 凉州区
43%
40°N 105°E 宁夏回族自治区 808282 兴庆区
43%
40°N 105°E 内蒙古自治区 582206 临河区
43%
20°N 110°E 广西壮族自治区 1390612 博白县
43%
20°N 110°E 广东省 1363470 廉江市
43%
30°N 110°E 四川省 954090 宣汉县
43%
35°N 110°E 陕西省 2046737 雁塔区
43%
35°N 110°E 陕西省 1891363 未央区
43%
35°N 110°E 陕西省 1020259 灞桥区
43%
40°N 110°E 内蒙古自治区 885321 赛罕区
43%
40°N 110°E 内蒙古自治区 787681 昆都仑区
43%
40°N 110°E 内蒙古自治区 719255 青山区
43%
20°N 115°E 广东省 748777 开平市
43%
30°N 115°E 湖北省 2554403 洪山区
43%
30°N 115°E 湖南省 1526641 岳麓区
43%
25°N 120°E 福建省 1517514 南安市
43%
25°N 120°E 福建省 1142991 仓山区
43%
35°N 120°E 江苏省 1674978 沭阳县
43%
40°N 120°E 辽宁省 1545491 金州区
43%
40°N 120°E 山东省 1164730 环翠区
43%
45°N 120°E 内蒙古自治区 356035 乌兰浩特市
43%
50°N 120°E 内蒙古自治区 365012 海拉尔区
43%
45°N 125°E 黑龙江省 1120185 香坊区
43%
50°N 125°E 黑龙江省 308237 北安市
43%
45°N 130°E 黑龙江省 414090 富锦市
43%
45°N 135°E 黑龙江省 267870 虎林市
43%
40°N 75°E 新疆维吾尔自治区 525436 叶城县
36%
40°N 75°E 新疆维吾尔自治区 355544 疏勒县
36%
30°N 80°E 西藏自治区 12242 普兰县
36%
35°N 80°E 新疆维吾尔自治区 571648 墨玉县
36%
40°N 80°E 新疆维吾尔自治区 281573 皮山县
36%
45°N 80°E 新疆维吾尔自治区 243303 霍城县
36%
35°N 85°E 新疆维吾尔自治区 42649 民丰县
36%
50°N 85°E 新疆维吾尔自治区 72894 布尔津县
36%
25°N 90°E 西藏自治区 15449 亚东县
36%
30°N 90°E 西藏自治区 158290 桑珠孜区
36%
30°N 90°E 西藏自治区 137451 堆龙德庆区
36%
30°N 90°E 西藏自治区 104490 色尼区
36%
45°N 90°E 新疆维吾尔自治区 799539 沙依巴克区
36%
30°N 95°E 西藏自治区 148511 卡若区
36%
30°N 95°E 西藏自治区 84254 巴宜区
36%
35°N 95°E 青海省 68759 杂多县
36%
35°N 95°E 青海省 57159 称多县
36%
40°N 95°E 甘肃省 10970 阿克塞哈萨克族自治县
36%
30°N 100°E 四川省 369166 冕宁县
36%
35°N 100°E 青海省 403368 大通回族土族自治县
36%
35°N 100°E 青海省 337941 互助土族自治县
36%
25°N 105°E 贵州省 1305066 七星关区
36%
25°N 105°E 云南省 1189813 宣威市
36%
35°N 105°E 甘肃省 556102 麦积区
36%
40°N 105°E 宁夏回族自治区 643952 金凤区
36%
25°N 110°E 广西壮族自治区 1511011 桂平市
36%
20°N 115°E 广东省 909277 新会区
36%
20°N 115°E 广东省 907744 台山市
36%
35°N 115°E 安徽省 1766285 埇桥区
36%
35°N 115°E 山东省 1600000 牡丹区
36%
45°N 115°E 内蒙古自治区 94076 东乌珠穆沁旗
36%
35°N 120°E 山东省 1940000 兰山区
36%
35°N 120°E 山东省 1338254 新泰市
36%
40°N 120°E 辽宁省 1798458 甘井子区
36%
40°N 120°E 河北省 1165000 海港区
36%
45°N 120°E 内蒙古自治区 375312 奈曼旗
36%
50°N 120°E 内蒙古自治区 141102 鄂温克族自治旗
36%
40°N 125°E 辽宁省 1067905 海城市
36%
40°N 125°E 辽宁省 1066062 于洪区
36%
40°N 125°E 辽宁省 877287 皇姑区
36%
40°N 125°E 辽宁省 798765 浑南区
36%
50°N 130°E 黑龙江省 82134 逊克县
36%
50°N 130°E 黑龙江省 72259 乌翠区
36%
45°N 135°E 黑龙江省 130519 饶河县
36%
30°N 80°E 西藏自治区 8454 札达县
29%
35°N 80°E 新疆维吾尔自治区 286900 洛浦县
29%
40°N 80°E 新疆维吾尔自治区 366141 巴楚县
29%
30°N 85°E 西藏自治区 58173 定日县
29%
30°N 85°E 西藏自治区 25327 改则县
29%
40°N 85°E 新疆维吾尔自治区 278516 沙雅县
29%
40°N 85°E 新疆维吾尔自治区 147859 和静县
29%
45°N 85°E 新疆维吾尔自治区 306525 新源县
29%
45°N 90°E 新疆维吾尔自治区 549576 水磨沟区
29%
45°N 95°E 新疆维吾尔自治区 65531 巴里坤哈萨克自治县
29%
20°N 105°E 广西壮族自治区 232068 龙州县
29%
25°N 105°E 云南省 1349795 镇雄县
29%
25°N 105°E 贵州省 1280116 威宁彝族回族苗族自治县
29%
40°N 105°E 宁夏回族自治区 460790 利通区
29%
25°N 110°E 广西壮族自治区 1643819 西乡塘区
29%
25°N 110°E 广西壮族自治区 1211637 北流市
29%
25°N 110°E 广西壮族自治区 1124334 青秀区
29%
40°N 110°E 内蒙古自治区 699672 新城区
29%
35°N 115°E 安徽省 1658442 临泉县
29%
45°N 115°E 内蒙古自治区 62402 苏尼特右旗
29%
45°N 115°E 内蒙古自治区 38589 阿巴嘎旗
29%
45°N 115°E 内蒙古自治区 33643 苏尼特左旗
29%
45°N 120°E 内蒙古自治区 321438 科尔沁左翼后旗
29%
45°N 130°E 黑龙江省 402345 鸡冠区
29%
45°N 130°E 吉林省 392486 敦化市
29%
40°N 75°E 新疆维吾尔自治区 424821 伽师县
21%
30°N 80°E 西藏自治区 18012 革吉县
21%
40°N 80°E 新疆维吾尔自治区 266002 温宿县
21%
45°N 80°E 新疆维吾尔自治区 175766 巩留县
21%
30°N 85°E 西藏自治区 26897 仲巴县
21%
50°N 85°E 新疆维吾尔自治区 82524 哈巴河县
21%
30°N 95°E 西藏自治区 98677 丁青县
21%
30°N 95°E 青海省 90307 囊谦县
21%
30°N 95°E 西藏自治区 72618 比如县
21%
40°N 100°E 甘肃省 192476 民乐县
21%
20°N 105°E 广西壮族自治区 435438 江州区
21%
20°N 105°E 广西壮族自治区 319386 宁明县
21%
25°N 110°E 广西壮族自治区 1104273 平南县
21%
45°N 120°E 内蒙古自治区 333970 翁牛特旗
21%
50°N 125°E 黑龙江省 353872 依安县
21%
50°N 130°E 黑龙江省 206072 萝北县
21%
30°N 85°E 西藏自治区 55108 昂仁县
14%
30°N 90°E 西藏自治区 83531 南木林县
14%
20°N 100°E 云南省 144693 孟连傣族拉祜族佤族自治县
14%
25°N 100°E 云南省 903081 隆阳区
14%
30°N 100°E 四川省 158139 喜德县
14%
30°N 110°E 湖南省 1196538 新化县
14%
50°N 130°E 黑龙江省 62214 丰林县
14%
40°N 85°E 新疆维吾尔自治区 194473 新和县
7%
No matching quizzes found
Score Distribution
Percent of People with Each Score
Percentile by Number Answered
Your Score History
You have not taken this quiz